Fundamentos de marketing.

Đã lưu trong:
Chi tiết về thư mục
Tác giả chính: Armstrong, Gary (autor)
Tác giả khác: Kotler, Philip (autor)
Định dạng: Sách
Ngôn ngữ:Tiếng Tây Ban Nha
Được phát hành: Cuernavaca,México: Pearson Educación, 2013.
Phiên bản:Decimoprimera edición.
Những chủ đề:
Các nhãn: Thêm thẻ
Không có thẻ, Là người đầu tiên thẻ bản ghi này!

MARC

LEADER 00000cam a2200000 a 4500
001 UCE0809
003 CL-VaPUC
005 20250407202432.0
008 140307e20130000mx |||||||||||||||||spa|d
999 |c 354836  |d 354834 
020 |a 9786073217224 
040 |c Pontificia Universidad Católica de Valparaíso 
082 0 4 |a 658.8 KOT 2013  |b    |2 21 
100 0 |a Armstrong, Gary  |e autor  |9 573186 
245 1 0 |a Fundamentos de marketing. 
250 |a Decimoprimera edición.  
260 |a Cuernavaca,México:  |b Pearson Educación,  |c 2013. 
300 |a XXX, 506 páginas :  |b ilustraciones. 
500 |a c.4.Instituto Arcos 8-1-2025. 
583 |a last modification  |c 20140307 11:03:00  |k Rodrigo Vera 
650 0 |a Marketing  |9 259324 
650 0 |a Administración de empresas   |9 260833 
650 0 |a Marcas comerciales   |9 386702 
650 0 |a Planificación estratégica   |9 259735 
650 0 |a Toma de decisiones   |9 257530 
700 |a Kotler, Philip  |e autor  |9 578348 
942 |c BK  |2 ddc  |n 0 
945 |d 20140307 11:03:00  |a dcastane 
952 |0 0  |1 0  |3 erb  |4 0  |6 658_800000000000000_KOT_2013  |7 0  |8 A  |9 461040  |a BIBAGR  |b BIBAGR  |i 5060230  |o 658.8 KOT 2013  |p 5060230  |r 2025-01-20  |w 2019-11-23  |y BK  |z Catalogado en:20140307  |k AGR 
952 |0 0  |1 0  |3 erb  |4 0  |6 658_800000000000000_KOT_2013  |7 0  |8 A  |9 461041  |a BIBAGR  |b BIBAGR  |i 5060249  |o 658.8 KOT 2013  |p 5060249  |r 2025-01-20  |w 2019-11-23  |y BK  |z Catalogado en:20140307  |k AGR 
952 |0 0  |1 0  |3 erb  |4 0  |6 658_800000000000000_KOT_2013  |7 0  |8 A  |9 461042  |a BIBAGR  |b BIBAGR  |i 5060257  |o 658.8 KOT 2013  |p 5060257  |r 2025-01-20  |w 2019-11-23  |y BK  |z Catalogado en:20140307  |k AGR 
952 |0 0  |1 0  |2 ddc  |4 0  |6 658_800000000000000_KOT_2013  |7 0  |8 A  |9 601184  |a BIBINC  |b BIBINC  |d 2025-03-13  |e Instituto Arcos   |i 5666095  |o 658.8 KOT 2013  |p 5666095  |r 2025-03-13  |t 1  |w 2025-03-13  |y BK  |k IFP